000 01947cam a2200493 a 4500
999 _c236735
_d236735
001 ocm53397597
003 DLC
005 20180920143929.0
008 840720r20031985nyu 000 1 eng
010 _a 84016805
020 _a0345466608 (pbk.)
020 _a9780345466600 (pbk.)
020 _a0345540212 (pbk.)
020 _a9780345540218 (pbk.)
035 _a331579
035 _a(OCoLC)53397597
_z(OCoLC)11030592
_z(OCoLC)798614389
040 _aDLC
_cDLC
_dDLC
_dOCoLC
_dDLC
_dOCoLC
_erda
043 _an-us-ca
050 _aF
082 _aF
092 _aF
100 1 _aKellerman, Jonathan.
_99939
245 1 0 _aWhen the bough breaks :
_bthe first Alex Delaware novel /
_cJonathan Kellerman.
260 _aNew York :
_bBallantine,
_c2003.
264 _aNew York :
_bBallantine,
_c2003.
300 _a432 p. ;
_c20 cm.
336 _atext
337 _atext
338 _atext
490 1 _aAlex Delaware novel.
500 _aOriginally published in Great Britain in 1985 as Shrunken heads by Macdonald & Co (Publishers) Ltd.
520 0 _aChild psychologist Alex Delaware examines a disturbed young girl and uncovers evidence of a brutal double murder, a child molester's grisly suicide, and a horrible forty-year old secret that continues to have an effect today.
650 0 _aDelaware, Alex (Fictitious character)
_vFiction.
_95741146
650 0 _aChild psychologists
_zCalifornia
_zLos Angeles
_vFiction.
_95751692
650 0 _aMurder
_zCalifornia
_vFiction.
_95751693
650 0 _aConspiracies
_vFiction.
_95673860
650 0 _aChild witnesses
_vFiction.
_95679974
651 0 _aLos Angeles (Calif.)
_vFiction.
_95674855
655 7 _aDetective and mystery fiction.
_2lcgft.
_95683641
655 7 _aThrillers (Fiction)
_2lcgft.
_95697221
800 1 _aKellerman, Jonathan.
_tAlex Delaware novels.
_95751654
907 _a.b283505990
942 _2ddc
_cBOOK